NHL Teams: Sudden Death - Statistics

General Stats
  • This quiz has been taken 117 times
    116 since last reset
  • The average score is 16 of 17
Answers on the Grid
Answers color-coded by a green-red scale on the quiz's grid according to % correct below.
Detroit Red Wings
Florida Panthers
Orlando Outliers
Toronto Maple Leafs
New York Rangers
Dallas Stars
Albuquerque Aliens
Colorado Avalanche
Washington Capitals
Indianapolis Gladiators
Pittsburgh Penguins
Miami Manatees
St. Louis Blues
Jersey City Jackals
Seattle Kraken
Vegas Golden Knights
Anaheim Ducks
Fargo Petro Patrol
Winnipeg Jets
Portland Grimms
New York Islanders
Nashville Noise
Buffalo Sabres
Detroit Punks
Chicago Blackhawks
Windsor Epees
Anchorage Blizzards
San Jose Sharks
 
Answer Stats
Answer % Correct
Colorado Avalanche
97%
Dallas Stars
96%
Detroit Red Wings
96%
Toronto Maple Leafs
96%
Anaheim Ducks
95%
Chicago Blackhawks
93%
Florida Panthers
93%
New York Rangers
93%
Washington Capitals
93%
Buffalo Sabres
92%
New York Islanders
92%
Pittsburgh Penguins
91%
San Jose Sharks
91%
Seattle Kraken
91%
Winnipeg Jets
91%
St. Louis Blues
90%
Vegas Golden Knights
90%
No matching quizzes found
Score Distribution
Percent of People with Each Score
Percentile by Number Answered
Your Score History
You have not taken this quiz since the last reset